Tribhuvan University Central Library

मेरा अतितका पानाहरु/ (Record no. 123792)

MARC details
000 -LEADER
fixed length control field 00759nam a22001697a 4500
005 - DATE AND TIME OF LATEST TRANSACTION
control field 20250715101649.0
008 - FIXED-LENGTH DATA ELEMENTS--GENERAL INFORMATION
fixed length control field 250715b |||||||| |||| 00| 0 eng d
020 ## - INTERNATIONAL STANDARD BOOK NUMBER
International Standard Book Number 9789937178082
082 ## - DEWEY DECIMAL CLASSIFICATION NUMBER
Edition number 23rd.
Classification number N928
Item number U386m
100 1# - MAIN ENTRY--PERSONAL NAME
9 (RLIN) उप्रेती, गंङ्गाप्रसाद
241 ## - ROMANIZED TITLE (BK AM CF MP MU VM)
Romanized title Mera atitka kathaharu (atmabritanta)/ Ganga Prasad Upreti
245 ## - TITLE STATEMENT
Title मेरा अतितका पानाहरु/
Statement of responsibility, etc. गंङ्गाप्रसाद उप्रेती.
260 ## - PUBLICATION, DISTRIBUTION, ETC.
Place of publication, distribution, etc. काठमाडौँः
Name of publisher, distributor, etc. मकालु ग्रुप अफ कम्पनी,
Date of publication, distribution, etc. २०८१वि.
300 ## - PHYSICAL DESCRIPTION
Extent 522p. : ill.
650 ## - SUBJECT ADDED ENTRY--TOPICAL TERM
Source of heading or term उप्रेती, गंङ्गाप्रसाद- जीवनी
942 ## - ADDED ENTRY ELEMENTS (KOHA)
Source of classification or shelving scheme Dewey Decimal Classification
Koha item type ISBN
Holdings
Withdrawn status Lost status Source of classification or shelving scheme Damaged status Not for loan Home library Current library Date acquired Total Checkouts Full call number Barcode Date last seen Price effective from Koha item type
    Dewey Decimal Classification     Tribhuvan University Central Library Tribhuvan University Central Library 07/15/2025   N928 U386m IS35473 07/15/2025 07/15/2025 ISBN
    Dewey Decimal Classification     Tribhuvan University Central Library Tribhuvan University Central Library 07/15/2025   N928 U386m IS35474 07/15/2025 07/15/2025 ISBN